[Event "IND-ch Challengers (Women) 43rd"]
[Site "Chennai"]
[Date "2016.06.22"]
[Round "8"]
[White "Chandreyee, Hajra"]
[Black "Minki, Sinha"]
[Result "1-0"]
[WhiteElo "1992"]
[BlackElo "1657"]
[PlyCount "81"]
[EventDate "2016.06.17"]
[EventType "swiss"]
[EventRounds "11"]
[EventCountry "IND"]
[SourceTitle "CBM 173 Extra"]
[Source "ChessBase"]
[SourceDate "2016.08.29"]
[SourceVersion "1"]
[SourceVersionDate "2016.08.29"]
[SourceQuality "1"]

1. e4 c5 2. Nf3 d6 3. d4 cxd4 4. Nxd4 Nf6 5. f3 e5 6. Bb5+ Nbd7 7. Nf5 a6 8. Ba4 b5 9. Bb3 Nc5 10. Ne3 Bb7 11. 0-0 Nxb3 12. axb3 Qb6 13. Kh1 Be7 14. Nf5 g6 15. Nxe7 Kxe7 16. Bh6 Nh5 17. Nc3 Qc5 18. Qd2 f6 19. g4 Nf4 20. Bxf4 exf4 21. Qxf4 h5 22. Nd5+ Bxd5 23. exd5 Qxd5 24. Rad1 Qc6 25. Rfe1+ Kd7 26. Re3 Rae8 27. Rc3 Qb6 28. Qxf6 hxg4 29. Qf4 gxf3 30. Qg4+ Re6 31. Rxf3 Rhe8 32. Re1 Qc6 33. Kg2 d5 34. Rc3 Qb7 35. Rd3 Qc6 36. c4 d4+ 37. Kg1 Kc7 38. Rxe6 Rxe6 39. Qxd4 Qb6 40. c5 Qb8 41. Qd7# 1-0

[Event "IND-chT (Women) 13th"]
[Site "Goa"]
[Date "2015.02.23"]
[Round "4"]
[White "Meenakshi, Subbaraman"]
[Black "Minki, Sinha"]
[Result "1-0"]
[WhiteElo "2219"]
[BlackElo "1779"]
[PlyCount "71"]
[EventDate "2015.02.20"]
[EventType "team-tourn"]
[EventRounds "7"]
[EventCountry "IND"]
[SourceTitle "CBM 165 Extra"]
[Source "ChessBase"]
[SourceDate "2015.04.21"]
[SourceVersion "1"]
[SourceVersionDate "2015.04.21"]
[SourceQuality "1"]
[WhiteTeam "Air India (W)"]
[BlackTeam "Bihar (W)"]
[WhiteTeamCountry "IND"]
[BlackTeamCountry "IND"]

1. d4 d5 2. c4 e6 3. Nc3 Nf6 4. cxd5 exd5 5. Bg5 Be7 6. e3 0-0 7. Bd3 c6 8. Nf3 Nbd7 9. Qc2 Re8 10. 0-0 Nf8 11. Bxf6 Bxf6 12. b4 a6 13. a4 Bg4 14. Be2 Be7 15. Rab1 Bd6 16. h3 Bh5 17. b5 axb5 18. axb5 g5 19. bxc6 bxc6 20. e4 Bg6 21. Bd3 Ra3 22. e5 Qa5 23. Bxg6 Nxg6 24. exd6 Rxc3 25. Qf5 h6 26. Rb7 Rf8 27. Ne5 Nxe5 28. dxe5 d4 29. Qf6 Qd5 30. Re7 Rb3 31. e6 Rbb8 32. Rxf7 Rxf7 33. Qxf7+ Kh8 34. d7 Rg8 35. Rb1 d3 36. d8Q 1-0

[Event "IND-chT (Women) 13th"]
[Site "Goa"]
[Date "2015.02.22"]
[Round "3"]
[White "Monnisha, GK."]
[Black "Minki, Sinha"]
[Result "1-0"]
[WhiteElo "2065"]
[BlackElo "1779"]
[PlyCount "71"]
[EventDate "2015.02.20"]
[EventType "team-tourn"]
[EventRounds "7"]
[EventCountry "IND"]
[SourceTitle "CBM 165 Extra"]
[Source "ChessBase"]
[SourceDate "2015.04.21"]
[SourceVersion "1"]
[SourceVersionDate "2015.04.21"]
[SourceQuality "1"]
[WhiteTeam "Petroleum Sports (W)"]
[BlackTeam "Bihar (W)"]
[WhiteTeamCountry "IND"]
[BlackTeamCountry "IND"]

1. e4 c5 2. Nf3 Nc6 3. d4 cxd4 4. Nxd4 Nf6 5. Nc3 d6 6. Bg5 e6 7. Qd2 Be7 8. 0-0-0 a6 9. f3 Qc7 10. g4 Bd7 11. Be3 Nxd4 12. Bxd4 Bc6 13. h4 Rg8 14. g5 Nd7 15. Be3 0-0-0 16. Kb1 b5 17. a4 Qb7 18. axb5 axb5 19. Nd5 exd5 20. exd5 Ne5 21. dxc6 Qxc6 22. Qa5 Nc4 23. Bh3+ Rd7 24. Bxd7+ Kxd7 25. Qa7+ Qc7 26. Qxc7+ Kxc7 27. Bf4 Kc6 28. Rhe1 Kd7 29. b3 Na3+ 30. Kb2 b4 31. Rd4 Rc8 32. Re2 Rc3 33. Rxb4 Rxf3 34. Rb7+ Kc8 35. Rexe7 Rxf4 36. Kxa3 1-0

[Event "IND-chB (Women) 38th"]
[Site "Chennai"]
[Date "2011.07.07"]
[Round "8"]
[White "Minki, Sinha"]
[Black "Parnali, S Dharia"]
[Result "0-1"]
[WhiteElo "1851"]
[BlackElo "1752"]
[PlyCount "122"]
[EventDate "2011.07.02"]
[EventType "swiss"]
[EventRounds "11"]
[EventCountry "IND"]
[SourceTitle "CBM 143 Extra"]
[Source "ChessBase"]
[SourceDate "2011.08.29"]
[SourceVersion "1"]
[SourceVersionDate "2011.08.29"]
[SourceQuality "1"]

1. e4 e5 2. Nf3 Nc6 3. Bb5 a6 4. Ba4 Nf6 5. 0-0 b5 6. Bb3 Bc5 7. c3 d6 8. Re1 0-0 9. h3 Bb6 10. d4 h6 11. d5 Ne7 12. a4 Bd7 13. a5 Ba7 14. Bc2 Ng6 15. b4 Qc8 16. Nh2 Nh4 17. Qd3 Nh5 18. g3 Ng6 19. Qf3 Nf6 20. g4 Nh7 21. Nd2 Ng5 22. Qg3 Nf4 23. Kf1 Ngxh3 24. Re3 Ng5 25. Re1 Nfh3 26. Re2 Nf4 27. Re1 Ngh3 28. Re3 c5 29. Ba3 Ng5 30. Ree1 cxb4 31. Bxb4 Bc5 32. Bb3 Qc7 33. Bxc5 Qxc5 34. Re3 Rac8 35. Nhf3 Nh7 36. Nh4 Qc7 37. Nf5 Bxf5 38. gxf5 Qe7 39. Nf3 Qf6 40. Nh4 Ng5 41. Ng2 Ngh3 42. Rc1 Rc5 43. Ke1 Nxg2+ 44. Qxg2 Nf4 45. Qh2 Rfc8 46. Kd2 Kf8 47. Rg1 Ke7 48. Reg3 h5 49. Bd1 h4 50. Re3 h3 51. Bg4 b4 52. Rc1 Rxa5 53. cxb4 Ra2+ 54. Kd1 Rxc1+ 55. Kxc1 Qh4 56. Bxh3 Rxf2 57. Qh1 Ne2+ 58. Kd1 Nd4 59. Bg2 Qg4+ 60. Ke1 Re2+ 61. Kf1 Rxe3 0-1

[Event "IND-ch (Women) 37th"]
[Site "Bhubaneswar"]
[Date "2010.12.29"]
[Round "5"]
[White "Kiran, Manisha Mohanty"]
[Black "Minki, Sinha"]
[Result "1-0"]
[WhiteElo "2230"]
[BlackElo "1880"]
[PlyCount "71"]
[EventDate "2010.12.25"]
[EventType "swiss"]
[EventRounds "11"]
[EventCountry "IND"]
[SourceTitle "CBM 140 Extra"]
[Source "ChessBase"]
[SourceDate "2011.03.01"]
[SourceVersion "1"]
[SourceVersionDate "2011.03.01"]
[SourceQuality "1"]

1. e4 c5 2. Nf3 Nc6 3. d4 cxd4 4. Nxd4 Nf6 5. Nc3 d6 6. Bg5 e6 7. Qd2 Be7 8. 0-0-0 0-0 9. f3 Qa5 10. Nb3 Qb6 11. h4 Rd8 12. Nb5 Rd7 13. Qe1 Qd8 14. g4 a6 15. N5d4 Qc7 16. Bd2 Nxd4 17. Nxd4 b5 18. h5 Bb7 19. g5 Ne8 20. Kb1 Rc8 21. Bd3 Qc5 22. Nb3 Qc7 23. Rg1 g6 24. hxg6 fxg6 25. Ba5 Qb8 26. f4 Bd8 27. f5 Bxa5 28. Nxa5 Ng7 29. fxg6 hxg6 30. Qh4 Nh5 31. Qg4 Re8 32. e5 Kg7 33. Qd4 Qd8 34. Nxb7 Rxb7 35. Qe4 d5 36. Qxg6+ 1-0

[Event "IND-chB (Women)"]
[Site "Shilpgram"]
[Date "2010.08.28"]
[Round "11"]
[White "Swati, Mohota"]
[Black "Minki, Sinha"]
[Result "1/2-1/2"]
[WhiteElo "2112"]
[BlackElo "1871"]
[PlyCount "64"]
[EventDate "2010.08.20"]
[EventType "swiss"]
[EventRounds "11"]
[EventCountry "IND"]
[SourceTitle "CBM 138 Extra"]
[Source "ChessBase"]
[SourceDate "2010.10.29"]
[SourceVersion "1"]
[SourceVersionDate "2010.10.29"]
[SourceQuality "1"]

1. d4 Nf6 2. c4 g6 3. Nc3 Bg7 4. e4 d6 5. f3 c6 6. Be3 a6 7. Qd2 0-0 8. Bd3 b5 9. Nge2 Nbd7 10. 0-0 Bb7 11. Rad1 Qc7 12. Bh6 Rfe8 13. g4 b4 14. Na4 c5 15. d5 Bh8 16. Ng3 Nb6 17. Nxb6 Qxb6 18. h4 Nd7 19. h5 e6 20. hxg6 fxg6 21. dxe6 Rxe6 22. Ne2 Ne5 23. Nf4 Re7 24. Bg5 Rd7 25. Be2 Nf7 26. Bh4 Qa5 27. Bf2 Bc6 28. b3 Bc3 29. Qc2 Rf8 30. Nd5 Bg7 31. Be3 Qd8 32. Kg2 Bxd5 1/2-1/2

[Event "IND-chB (Women)"]
[Site "Shilpgram"]
[Date "2010.08.24"]
[Round "6"]
[White "Minki, Sinha"]
[Black "Amrutha, Mokal"]
[Result "0-1"]
[WhiteElo "1871"]
[BlackElo "2068"]
[PlyCount "88"]
[EventDate "2010.08.20"]
[EventType "swiss"]
[EventRounds "11"]
[EventCountry "IND"]
[SourceTitle "CBM 138 Extra"]
[Source "ChessBase"]
[SourceDate "2010.10.29"]
[SourceVersion "1"]
[SourceVersionDate "2010.10.29"]
[SourceQuality "1"]

1. e4 c5 2. Nf3 e6 3. d4 cxd4 4. Nxd4 a6 5. Be3 Nf6 6. Nc3 Qc7 7. f4 Bb4 8. Qd3 d6 9. Bd2 Nbd7 10. Nb3 0-0 11. Be2 b5 12. Bf3 Bb7 13. 0-0 Rac8 14. Rae1 Rfd8 15. Kh1 Nc5 16. Nxc5 dxc5 17. Qe3 e5 18. Re2 Rd4 19. f5 Rcd8 20. Be1 Ba5 21. Bh4 R8d6 22. Bxf6 Rxf6 23. g4 Bxc3 24. Qxc3 Rfd6 25. Rg1 b4 26. Qe3 Rd1 27. Reg2 Rxg1+ 28. Rxg1 Rd4 29. g5 Qc6 30. Re1 g6 31. f6 h6 32. h4 Qd7 33. Bg2 Qg4 34. gxh6 Qxh4+ 35. Kg1 Qxf6 36. c3 bxc3 37. Qxc3 Qg5 38. Qf3 Qxh6 39. Qf6 Qf4 40. Qe7 Rd2 41. Rf1 Rxg2+ 42. Kxg2 Bxe4+ 43. Kh3 Qxf1+ 44. Kh4 Qf2+ 0-1

[Event "IND-chB (Women)"]
[Site "Shilpgram"]
[Date "2010.08.23"]
[Round "5"]
[White "Junmoni, Gogoi"]
[Black "Minki, Sinha"]
[Result "0-1"]
[WhiteElo "1481"]
[BlackElo "1871"]
[PlyCount "166"]
[EventDate "2010.08.20"]
[EventType "swiss"]
[EventRounds "11"]
[EventCountry "IND"]
[SourceTitle "CBM 138 Extra"]
[Source "ChessBase"]
[SourceDate "2010.10.29"]
[SourceVersion "1"]
[SourceVersionDate "2010.10.29"]
[SourceQuality "1"]

1. d4 d5 2. e3 e6 3. Bd3 Nf6 4. f4 c5 5. c3 c4 6. Bc2 Nc6 7. Nf3 b5 8. 0-0 g6 9. Ne5 Bb7 10. Bd2 Bg7 11. Be1 0-0 12. Bh4 Qc7 13. Qf3 Ne7 14. Nd2 Nf5 15. Be1 Nd6 16. g4 Nfe4 17. g5 f6 18. gxf6 Nxf6 19. Qh3 Nf5 20. Ndf3 Rae8 21. Bf2 Ne4 22. Kh1 Nxf2+ 23. Rxf2 Bc8 24. Re1 Bxe5 25. Nxe5 Qg7 26. Rg2 Rf6 27. Rg5 Kf8 28. Bxf5 exf5 29. Reg1 Ke7 30. Qg2 Bb7 31. h4 Kd8 32. Qh3 Rh8 33. h5 a6 34. Qh4 Kc7 35. R1g2 Bc8 36. Kg1 Be6 37. Rh2 Rg8 38. Rg3 Qf8 39. h6 Bd7 40. Qh3 a5 41. Qg2 Rd6 42. Nf3 Qe7 43. Ng5 Re8 44. Rhh3 Bc6 45. Qc2 Rd7 46. Kf2 b4 47. Rh1 bxc3 48. Qxc3 Qb4 49. Qc2 Rb8 50. Nxh7 Rxh7 51. Rxg6 Bd7 52. Rg7 Qxb2 53. Qxb2 Rxb2+ 54. Kf3 Rh8 55. h7 c3 56. Rg8 Rxh7 57. Rxh7 c2 58. Rg1 Rb1 59. Rhh1 Rb2 60. Ra1 Bb5 61. Rac1 Bd3 62. a3 Be4+ 63. Kg3 Bxh1 64. Rxh1 Rb1 65. Rh7+ Kb6 66. Rh6+ Kb5 67. Rd6 c1Q 68. Rxd5+ Ka4 69. Rxf5 Qg1+ 70. Kf3 Rb3 71. Re5 Rxa3 72. f5 Qh1+ 73. Kf4 Qh6+ 74. Kf3 Kb4 75. d5 Qf6 76. Kf4 Rd3 77. Re6 Qh4+ 78. Kf3 Qh3+ 79. Kf4 Rxd5 80. e4 Qh4+ 81. Ke3 Qg5+ 82. Ke2 Rd2+ 83. Kf3 Rd3+ 0-1

[Event "IND-chB (Women)"]
[Site "Shilpgram"]
[Date "2010.08.22"]
[Round "4"]
[White "Minki, Sinha"]
[Black "Tejaswini, Sagar"]
[Result "1/2-1/2"]
[WhiteElo "1871"]
[BlackElo "1637"]
[PlyCount "96"]
[EventDate "2010.08.20"]
[EventType "swiss"]
[EventRounds "11"]
[EventCountry "IND"]
[SourceTitle "CBM 138 Extra"]
[Source "ChessBase"]
[SourceDate "2010.10.29"]
[SourceVersion "1"]
[SourceVersionDate "2010.10.29"]
[SourceQuality "1"]

1. e4 e5 2. Nf3 Nc6 3. Bb5 Bc5 4. 0-0 Nf6 5. Nxe5 Nxe5 6. d4 Bd6 7. dxe5 Bxe5 8. f4 Bd6 9. e5 Bc5+ 10. Kh1 Ng8 11. e6 Nf6 12. exd7+ Bxd7 13. Re1+ Be7 14. Bc4 Bg4 15. Qxd8+ Rxd8 16. Nc3 Rd7 17. h3 Bf5 18. Bb3 h5 19. Be3 0-0 20. Ba4 c6 21. Bb3 b5 22. a4 b4 23. Ne2 c5 24. c3 Ne4 25. Rad1 Rfd8 26. Rxd7 Rxd7 27. Rd1 Rxd1+ 28. Bxd1 bxc3 29. Nxc3 Nxc3 30. bxc3 g6 31. g4 hxg4 32. hxg4 Be4+ 33. Kg1 Kf8 34. Kf2 Ke8 35. Be2 Kd7 36. Bc4 f6 37. Bd2 Kc6 38. Ke3 Bc2 39. Bf7 Kb6 40. Be8 g5 41. fxg5 fxg5 42. c4 Bd1 43. a5+ Kc7 44. Bh5 Bc2 45. Bf7 Bd1 46. Be6 Kd6 47. Bf5 Bf6 48. Kd3 Ke7 1/2-1/2